000 00558nam a2200181Ia 4500
005 20250326143252.0
008 250326s9999 xx 000 0 und d
037 _aTextbook
040 _aFMSL
_beng
_cFMSL
041 _aeng
_2eng
084 _aX:8 N7
_qFMSL
100 _aTushman M
_9747736
245 0 _aWinning through innovation : a practical guide to leading organizational change and renewal
_cTushman M
260 _aBoston
_bBoston, Harvard Business School
_c1997
300 _a260p
942 _cTB
_hX:8 N7
999 _c1298853
_d1298853